01237nam a2200301Ia 450000500170000000800390001702000190005610000390007524501640011425000390027830000510031749000430036852100610041165000470047265000520051965000460057165000530061770000250067070000430069594200150073826400330075333600270078633700330081333800280084604000350087408400110090999900150092020220317001026.0160825s2007 ck a g 000 0 spa a978958300440121 aReyes Posada, Carlos Joséd1941-13aEl hombre que escondió el sol y la lunabmito de los indios chamíescCarlos José Reyes ; ilustrado por Gonzalo Rodríguez ; puesta en escena Jaime Villa a1a. edición b3a. reimpresión  a45 páginas bilustraciones en color c21 cm  aPrimer actopteatro infantil y juvenil aRecomendado para un público infantil mayor de 7 años142LEMBaTeatro infantil colombianoySiglo XX142LEMBaLiteratura infantil colombiana ySiglo XX142LEMBaMitología chami en la literatura 142LEMBaIndígenas colombianos en la literatura 1 aVilla, Jaime 9645561 aRodríguez Villamizar, Gonzalo910130 2loccBKINF aBogotábPanamericanac2007 atextobtxt2rdacontent asin mediaciónbn2rdamedia avolumenbnc2rdacarrier aCO-BoRNBPbspaerdacCO-BoRNBP aT REY1 c5705d5705